[Event "URS-chT"]
[Site "Podolsk"]
[Date "1990.??.??"]
[Round "?"]
[White "Smagin, Sergey"]
[Black "Sherbakov, Ruslan"]
[Result "1-0"]
[WhiteElo "2520"]
[BlackElo "2360"]

1.d4 d5 2.c4 c6 3.Nf3 Nf6 4.Nc3 e6 5.e3 Nbd7 6.Qc2 Bd6 7.Be2 O-O 8.O-O Qe7
9.Rd1 Re8 10.b3 b6 11.e4 dxe4 12.Nxe4 Nxe4 13.Qxe4 Bb7 14.Bb2 Red8 15.Bd3 Nf6
16.Qh4 h6 17.Rab1 Ba3 18.Ba1 Bb4 19.Ne1 Nd7 20.Qh3 Bd6 21.Nc2 c5 22.d5 exd5
23.cxd5 Ne5 24.Bf5 Qg5 25.Ne3 Ng6 26.g3 Re8 27.Qg4 Ne5 28.Qe2 Ng6 29.Qc2 Rad8
30.Be4 Bf8 31.Bg2 h5 32.h4 Qe7 33.Qf5 Qd7 34.Qxh5 Rxe3 35.fxe3 Bd6 36.Qf3 Re8
37.Rf1 Ba6 38.Rfd1 Qc7 39.h5 Ne5 40.Bxe5 Rxe5 41.g4 Qe7 42.e4 Qh4 43.Qh3 Qg5
44.Qf3 Bc8 45.Rf1 f6 46.Bh3 f5 47.Qf4 Qh4 48.Bg2 c4 49.b4 Rxd5 50.e5 Rxe5
51.Rbd1 Qe7 52.Qxc4+ Be6 53.Qd4 Bc7 54.gxf5 Bxf5 55.Rc1 Bd6 56.a3 Kh8 57.h6 Qe6
58.hxg7+ Kxg7 59.Rxf5 Qxf5 60.Qxd6  1-0

[Event "URS-ch (Women)"]
[Site "Podolsk"]
[Date "1990.??.??"]
[Round "3"]
[White "Borsuk, Angela"]
[Black "Shumiakina, Tatiana"]
[Result "1-0"]
[WhiteElo "2165"]
[BlackElo "2230"]

1.d4 d5 2.c4 e6 3.Nf3 c6 4.e3 Nf6 5.Nc3 Nbd7 6.Be2 Bd6 7.Qc2 O-O 8.O-O Qe7
9.Bd2 b6 10.e4 dxe4 11.Nxe4 Nxe4 12.Qxe4 Bb7 13.Bd3 Nf6 14.Qh4 c5 15.d5 exd5
16.Bg5 h5 17.Rfe1 Qd8 18.cxd5 Rc8 19.Nd2 Bxd5 20.Rad1 Be7 21.Bf5 Rc7 22.Nf1 Rc6
23.Ng3 Re8 24.Nxh5 Nxh5 25.Bxe7 Rxe7 26.Qxe7 Qxe7 27.Rxe7 Kf8 28.Rxa7 Nf6
29.Re1 Rd6 30.f3 g6 31.Bc2 Be6 32.Rd1 Rxd1+ 33.Bxd1 b5 34.Ra5 Bd7 35.Be2 c4
36.a4 bxa4 37.Bxc4 Ke7 38.Ra7 Kd6 39.Bxf7 g5 40.b3 axb3 41.Bxb3  1-0

[Event "URS-ch (Women)"]
[Site "Podolsk"]
[Date "1990.??.??"]
[Round "4"]
[White "Borsuk, Angela"]
[Black "Stepovaia Dianchenko, Tatiana"]
[Result "0-1"]
[WhiteElo "2165"]
[BlackElo "2290"]

1.d4 d5 2.Nf3 Nf6 3.c4 e6 4.Nc3 c6 5.e3 Nbd7 6.Be2 Bd6 7.Qc2 Qe7 8.O-O O-O
9.Bd2 b6 10.e4 Nxe4 11.Nxe4 dxe4 12.Qxe4 Bb7 13.Bd3 f5 14.Qe2 c5 15.Ng5 Rae8
16.dxc5 Bxc5 17.Be3 e5 18.Nh3 e4 19.Bc2 Ne5 20.Rfd1 Qh4 21.Ba4 Rc8 22.Bd7 Nxd7
23.Rxd7 Bc6 24.Rxa7 f4 25.Bxc5 bxc5 26.Rd1 Rf6 27.Qd2 Qg4 28.Re7 e3 29.fxe3 Bxg2
30.Nf2 Qg6 31.exf4 Bh3+ 32.Ng4 Qxg4+ 33.Kf2  0-1

[Event "URS-ch (Women)"]
[Site "Podolsk"]
[Date "1990.??.??"]
[Round "9"]
[White "Prudnikova, Svetlana"]
[Black "Stepovaia Dianchenko, Tatiana"]
[Result "1-0"]
[WhiteElo "2210"]
[BlackElo "2290"]

1.d4 d5 2.c4 c6 3.Nc3 Nf6 4.e3 e6 5.Nf3 Nbd7 6.Bd3 dxc4 7.Bxc4 b5 8.Bd3 Bb7
9.O-O a6 10.e4 c5 11.d5 c4 12.Bc2 Qc7 13.dxe6 fxe6 14.Qe2 Bd6 15.Ng5 Nc5
16.f4 h6 17.Nh3 e5 18.a4 Ne6 19.Nd5 Bxd5 20.exd5 Nd4 21.Bg6+ Kd8 22.Qf2 Bc5
23.Kh1 Nf5 24.Qe2 Nd4 25.Qxe5 Nb3 26.Rb1 Bd6 27.Qe2 Kc8 28.Be3 Kb7 29.Bg1 Rad8
30.axb5 axb5 31.Rf3 Nd7 32.Rxb3 cxb3 33.Qxb5+ Nb6 34.Rc1 Qxc1 35.Qxb6+ Kc8
36.Bf5+ Rd7 37.Qxd6 Qc7 38.Qa6+ Kb8 39.Qb5+  1-0

[Event "URS-ch (Women)"]
[Site "Podolsk"]
[Date "1990.??.??"]
[Round "13"]
[White "Prudnikova, Svetlana"]
[Black "Shumiakina, Tatiana"]
[Result "1/2-1/2"]
[WhiteElo "2210"]
[BlackElo "2230"]

1.d4 d5 2.c4 c6 3.Nc3 Nf6 4.e3 e6 5.Nf3 Nbd7 6.Bd3 dxc4 7.Bxc4 b5 8.Bd3 Bb7
9.e4 b4 10.Na4 c5 11.e5 Nd5 12.Nxc5 Nxc5 13.dxc5 Bxc5 14.O-O h6 15.Nd2 O-O
16.Nc4 f5 17.exf6 Nxf6 18.Be2 Qxd1 19.Rxd1 Ne4 20.Be3 Bxe3 21.fxe3 Bd5 22.Rd4 Rac8
23.Bf3 Rxc4 24.Rxc4 Bxc4 25.Bxe4 Rd8 26.b3 Bb5 27.a3 bxa3 28.Rxa3 a6 29.Ra2  1/2-1/2

[Event "Prague Mladi op"]
[Site "Prague"]
[Date "1990.??.??"]
[Round "5"]
[White "Sjoberg, Mats"]
[Black "Lanc, Alois"]
[Result "1/2-1/2"]
[WhiteElo "2365"]
[BlackElo "2465"]

1.d4 Nf6 2.c4 c6 3.Nc3 d5 4.Nf3 e6 5.e3 Nbd7 6.Bd3 dxc4 7.Bxc4 b5 8.Bd3 Bb7
9.O-O a6 10.e4 c5 11.e5 cxd4 12.Nxb5 Bxf3 13.Qxf3 Nd5 14.Nxd4 Nxe5 15.Qg3 Nxd3
16.Qxd3 Bc5 17.Qc4 Rc8 18.Qxa6 O-O 19.Nf3 Qf6 20.Qe2 h6 21.Kh1 Rb8 22.Ne5 Rb7
23.Nd3 Bd4 24.Be3 Bxb2 25.Nxb2 Rxb2 26.Qd3 Nxe3 27.Qxe3 Ra8 28.a4 Ra5 29.Qe1 Qf5
30.Kg1 Rc2 31.Qb4 Qc5 32.Qxc5 Rcxc5 33.Ra2 Rc4 34.Rfa1 f5 35.Kf1 Kf7 36.Ke2 Rg4
37.g3 Rd4 38.Ke3 e5 39.f4 Re4+ 40.Kf3 exf4 41.gxf4 g5 42.fxg5 hxg5 43.Ra3 Kg6
44.Kf2 Kh5 45.Rh3+ Kg4 46.Rg3+ Kh4 47.Rga3 f4 48.h3 Rc4 49.R1a2 Rc1 50.Kg2 Rd1
51.Kf3 Rd4 52.Kf2 g4 53.hxg4 Kxg4 54.Rb2 Rh5 55.Rb8 Rh2+ 56.Kg1 Rc2 57.Rg8+ Kf5
58.Rf8+ Kg5 59.Rg8+ Kf5 60.Rf8+ Kg5 61.Rg8+ Kf6 62.Ra1  1/2-1/2

[Event "Prague T7"]
[Site "Prague"]
[Date "1990.??.??"]
[Round "8"]
[White "Franic, Milan"]
[Black "Starke, Dieter"]
[Result "1/2-1/2"]
[WhiteElo "2370"]
[BlackElo "2305"]

1.d4 d5 2.c4 c6 3.Nc3 Nf6 4.e3 e6 5.Nf3 Nbd7 6.Qc2 Bd6 7.Be2 O-O 8.O-O Re8
9.b3 dxc4 10.bxc4 e5 11.Bb2 e4 12.Nd2 Qe7 13.Rae1 Nf8 14.f3 exf3 15.Bxf3 Qc7
16.g3 Bxg3 17.hxg3 Qxg3+ 18.Bg2 Ng4 19.Nf3 Ng6 20.Ne4 Bf5 21.Nxg3  1/2-1/2

[Event "Vysehrad-B"]
[Site "Prague"]
[Date "1990.??.??"]
[Round "11"]
[White "Riedel, Wolfgang"]
[Black "Bouton, Christophe"]
[Result "1/2-1/2"]
[WhiteElo "2305"]
[BlackElo "2275"]

1.d4 d5 2.c4 e6 3.Nc3 c6 4.e3 Nf6 5.Nf3 Bd6 6.Qc2 Nbd7 7.Bd2 O-O 8.O-O-O Qe7
9.e4 dxe4 10.Nxe4 Nxe4 11.Qxe4 e5 12.Re1 f5 13.Qc2 e4 14.c5 Bc7 15.Bc4+ Kh8
16.Bg5 Nf6 17.Nh4 Be6 18.f3 Bxc4 19.Qxc4 Qd7 20.Bxf6 Rxf6 21.fxe4 fxe4 22.Rxe4 Bf4+
23.Kb1 Re8 24.Rhe1 Rxe4 25.Rxe4 Bxh2 26.Qe2 Rf8 27.Qh5 Kg8 28.Nf3 Bf4 29.Ne1 Qf5
30.Qxf5 Rxf5 31.Nd3 Bh2 32.Kc2 Kf8 33.Rh4 Bg1 34.Rxh7 Bxd4 35.Rh8+ Kf7 36.Rb8 Bxc5
37.Rxb7+ Kg8 38.b4 Bb6 39.a4 Rg5 40.Rb8+ Kh7 41.Rc8 Rxg2+ 42.Kc3 Ra2 43.Kb3 Ra1
44.Rxc6 g5 45.Ne5 Rb1+ 46.Kc4 Rc1+ 47.Kd5 Ra1 48.a5 Bxa5 49.bxa5 Rxa5+ 50.Ke6 Ra1
51.Kf5 Rf1+ 52.Kxg5 a5 53.Rc7+ Kg8 54.Ng4 Rg1 55.Kf5 a4 56.Nh6+ Kf8 57.Kf6 Ke8
58.Nf5 Re1 59.Ra7 a3 60.Rxa3 Kd7 61.Ra6 Kc7 62.Nd4 Kd7 63.Ne6 Re2 64.Kf5 Re1
65.Nc5+ Kc7 66.Ne4 Rf1+ 67.Ke5 Rd1 68.Nc3 Rg1 69.Nd5+ Kd7 70.Rd6+ Ke8 71.Nf6+ Kf7
72.Rd7+ Kg6 73.Rd8 Kf7 74.Ra8 Rb1 75.Ra5 Rf1 76.Ra7+ Kg6 77.Ra6 Rf5+  1/2-1/2

[Event "Ptuj"]
[Site "Ptuj"]
[Date "1990.??.??"]
[Round "?"]
[White "Jelen, Iztok"]
[Black "Truta, Srecko"]
[Result "1/2-1/2"]
[WhiteElo "2405"]
[BlackElo "2255"]

1.d4 d5 2.c4 c6 3.Nc3 Nf6 4.e3 e6 5.Nf3 Nbd7 6.Bd3 Bb4 7.a3 Ba5 8.O-O O-O
9.Qc2 dxc4 10.Bxc4 Bc7 11.Ba2 e5 12.h3 exd4 13.exd4 Nb6 14.Bg5 Qd6 15.Rac1 Nfd5
16.Rfe1 Bd8 17.Bb1 f5 18.Bxd8 Qxd8 19.Ba2 Kh8 20.Nxd5 Nxd5 21.Qc5 Nf6 22.Ne5 Ne4
23.Qc4 Nd6 24.Qb3 Rf6 25.Qf3 Qf8 26.d5 cxd5 27.Bxd5 Be6 28.Bxb7 Rb8 29.Bd5 Rxb2
30.Rc7 Qb8 31.Re7 Rb1 32.Rxb1 Qxb1+ 33.Kh2 Qb5 34.Bxe6 Qxe5+ 35.g3 Rf8 36.Qd5 Qb2
37.Kg2 Ne4 38.Qxf5 Qxf2+ 39.Qxf2 Rxf2+ 40.Kg1 Rf8 41.Rxa7 Nxg3 42.a4 Ne2+
43.Kh1 h5 44.Bc4 Rf2 45.a5 g5 46.a6 Nd4 47.Re7 Rf8 48.Re5 Rc8 49.Bd3 Nc6
50.Rxg5 Nb4 51.Rxh5+ Kg8 52.Rb5 Nxa6 53.Rg5+ Kh8 54.Bxa6 Rc6 55.Bd3 Rc1+
56.Kh2 Rh1+  1/2-1/2

[Event "CRO-Cup"]
[Site "Pula"]
[Date "1990.??.??"]
[Round "?"]
[White "Cvitan, Ognjen"]
[Black "Lazic, Miroljub"]
[Result "1/2-1/2"]
[WhiteElo "2525"]
[BlackElo "2495"]

1.d4 d5 2.c4 c6 3.Nc3 Nf6 4.e3 e6 5.Nf3 Nbd7 6.Bd3 Bd6 7.e4 dxe4 8.Nxe4 Nxe4
9.Bxe4 Qa5+ 10.Bd2 Bb4 11.O-O Bxd2 12.Nxd2 O-O 13.c5 e5 14.a3 exd4 15.b4 Qc7
16.Nc4 Nf6 17.Qxd4 Nxe4 18.Qxe4 Be6 19.Nd6 b6 20.f4 bxc5 21.bxc5 Bd5 22.Qd4 Rab8
23.Rfe1 Qd8 24.Nf5 Qf6 25.Ne7+ Kh8 26.Qxf6 gxf6 27.Nxd5 cxd5 28.Re7 Rb2 29.Rc1 d4
30.c6 d3 31.c7 Rc2 32.Rd1 d2 33.Kf2 Kg7  1/2-1/2

[Event "CRO-Cup"]
[Site "Pula"]
[Date "1990.??.??"]
[Round "?"]
[White "Blagojevic, Dragisa"]
[Black "Lazic, Miroljub"]
[Result "1/2-1/2"]
[WhiteElo "2395"]
[BlackElo "2495"]

1.d4 d5 2.c4 c6 3.Nf3 Nf6 4.Nc3 e6 5.e3 Nbd7 6.Bd3 Be7 7.O-O O-O 8.e4 dxe4
9.Nxe4 Nxe4 10.Bxe4 Nf6 11.Bc2 c5  1/2-1/2

[Event "CRO-Cup"]
[Site "Pula"]
[Date "1990.??.??"]
[Round "?"]
[White "Drasko, Milan"]
[Black "Todorovic, Goran M"]
[Result "1/2-1/2"]
[WhiteElo "2445"]
[BlackElo "2415"]

1.d4 d5 2.c4 e6 3.Nf3 Nf6 4.Nc3 c6 5.e3 Nbd7 6.Qc2 Bd6 7.Be2 O-O 8.O-O dxc4
9.Bxc4 a6 10.Rd1 Qe7 11.h3 c5 12.dxc5 Bxc5 13.Ne4 b5 14.Nxc5 Nxc5 15.Be2 Bb7
16.Bd2 Rac8 17.Ba5 Nfe4 18.Bf1 Bd5 19.Rdc1 Qb7 20.Qd1 Bc4 21.b3 Bxf1 22.Qxf1 h6
23.Rc2 Nd7 24.Rac1 Rxc2 25.Rxc2 Rc8 26.Qc1 Rxc2 27.Qxc2 Ndc5 28.Ne1 Qd5 29.f3 Nf6
30.e4 Qd4+ 31.Qf2 Qxf2+ 32.Kxf2 e5 33.Ke3 Nfd7 34.g3 Nb8 35.Nc2 Nc6 36.Bc3 f6
37.Nb4 Nxb4 38.Bxb4 Nd7 39.f4 Kf7 40.Bc3 Ke6  1/2-1/2

[Event "CRO-Cup"]
[Site "Pula"]
[Date "1990.??.??"]
[Round "?"]
[White "Lalic, Bogdan"]
[Black "Cabrilo, Goran"]
[Result "1/2-1/2"]
[WhiteElo "2475"]
[BlackElo "2480"]

1.d4 d5 2.c4 c6 3.Nf3 Nf6 4.Nc3 e6 5.e3 Nbd7 6.Bd3 dxc4 7.Bxc4 b5 8.Bd3 Bb7
9.O-O a6 10.e4 c5 11.d5 c4 12.dxe6 cxd3 13.exd7+ Qxd7 14.Re1 Be7 15.e5 Nd5
16.Ne4 O-O 17.Qxd3 Qg4 18.h3 Qg6 19.Qb1 Rac8 20.a3 Rc4 21.Nd6  1/2-1/2

[Event "Pula op"]
[Site "Pula"]
[Date "1990.??.??"]
[Round "5"]
[White "Chekhov, Valery A"]
[Black "Blagojevic, Dragisa"]
[Result "0-1"]
[WhiteElo "2455"]
[BlackElo "2395"]

1.Nf3 d5 2.d4 c6 3.c4 Nf6 4.Nc3 e6 5.e3 Nbd7 6.Bd3 dxc4 7.Bxc4 b5 8.Bd3 a6
9.e4 c5 10.d5 c4 11.Bc2 Qc7 12.O-O Bc5 13.dxe6 fxe6 14.Qe2 Ne5 15.Nxe5 Qxe5
16.Kh1 O-O 17.f4 Qh5 18.Qxh5 Nxh5 19.e5 g5 20.Ne4 Be7 21.f5 exf5 22.Bxg5 Rf7
23.Be3 Bb7 24.Nc5 f4 25.Bd4 Bxc5 26.Bxc5 Re8 27.Rae1 f3 28.gxf3 Bxf3+ 29.Kg1 Ng7
30.Rf2 Ne6 31.Bd6 Ng5 32.Kf1 Nh3 33.Rxf3 Rxf3+ 34.Ke2 Rf2+ 35.Kd1 Nf4 36.Be4 Kf7
37.Bc6 Rg8 38.Bd7 Ne6  0-1

[Event "Pula tt2"]
[Site "Pula"]
[Date "1990.??.??"]
[Round "9"]
[White "Palos, Osman"]
[Black "Lazic, Miroljub"]
[Result "1/2-1/2"]
[WhiteElo "2370"]
[BlackElo "2495"]

1.d4 Nf6 2.Nf3 d5 3.c4 c6 4.e3 e6 5.Nc3 Nbd7 6.a3 Bd6 7.Bd3 O-O 8.O-O dxc4
9.Bxc4 e5 10.Qc2 Qe7 11.Ng5 Bc7 12.d5 Nb6 13.dxc6 h6 14.Nge4 Nxc4 15.Nxf6+ Qxf6
16.Nd5 Qd6 17.Nxc7 Qxc7 18.Qxc4 Bd7 19.Qc3 Bxc6 20.b4 Rfc8 21.Bb2 Bb5 22.Qxc7 Rxc7
23.Rac1 Rxc1 24.Rxc1 f6  1/2-1/2

[Event "Quebec"]
[Site "Quebec"]
[Date "1990.??.??"]
[Round "4"]
[White "Ross, David"]
[Black "Leveille, Francois"]
[Result "0-1"]
[WhiteElo "2330"]
[BlackElo "2325"]

1.d4 d5 2.Nf3 Nf6 3.c4 c6 4.Nc3 e6 5.e3 Nbd7 6.Qc2 a6 7.b3 Bd6 8.Be2 O-O
9.Bb2 b5 10.Bd3 Rb8 11.cxd5 cxd5 12.O-O Bb7 13.Rac1 Qe7 14.h3 Rfc8 15.Qe2 Ne4
16.Nb1 h6 17.Rxc8+ Rxc8 18.Rc1 Qd8 19.Rxc8 Qxc8 20.Qc2 Qb8 21.Nbd2 Nxd2 22.Qxd2 Bc6
23.Qc2 Qb7 24.Qe2 a5 25.g4 Be7 26.h4 a4 27.g5 hxg5 28.hxg5 g6 29.Qc2 Kg7
30.e4 a3 31.Ba1 b4 32.Ne5 Nxe5 33.dxe5 Bxg5 34.f3 dxe4 35.fxe4 Qb6+ 36.Kg2 Qe3
37.Qxc6 Qxd3 38.Qd6 Qxe4+ 39.Kh3 Qf3+ 40.Kh2 Bf4+ 41.Kg1  0-1

[Event "Rome op"]
[Site "Rome"]
[Date "1990.??.??"]
[Round "2"]
[White "Janjgava, Lasha"]
[Black "Testa, Armando"]
[Result "1-0"]
[WhiteElo "2455"]
[BlackElo "2220"]

1.d4 d5 2.c4 e6 3.Nf3 c6 4.e3 Nf6 5.Nc3 Nbd7 6.Be2 Bd6 7.O-O O-O 8.b3 Qe7
9.Bb2 dxc4 10.bxc4 e5 11.Qb3 Re8 12.Rfe1 e4 13.Nd2 Nf8 14.a4 Qc7 15.g3 Qd7
16.Bf1 Qf5 17.Bg2 Qg6 18.Ba3 Bxa3 19.Rxa3 Rb8 20.Qb1 Bf5 21.Rb3 Re7 22.a5 h5
23.h4 Qg4 24.c5 N8h7 25.Nc4 Bg6 26.Ne5 Qe6 27.a6 Bf5 28.Ne2 Nd5 29.Rxb7 Rbxb7
30.Qxb7 Rxb7 31.axb7 Qe8  1-0

[Event "Rome op"]
[Site "Rome"]
[Date "1990.??.??"]
[Round "4"]
[White "Semkov, Semko"]
[Black "Testa, Armando"]
[Result "1-0"]
[WhiteElo "2450"]
[BlackElo "2220"]

1.d4 d5 2.c4 e6 3.Nc3 c6 4.e3 Nf6 5.Nf3 Nbd7 6.Bd3 dxc4 7.Bxc4 b5 8.Be2 Bb7
9.O-O b4 10.Na4 c5 11.dxc5 Bxc5 12.Nxc5 Nxc5 13.Qd4 Qxd4 14.Nxd4 O-O 15.Bd2 a5
16.Rfc1 Rfc8 17.f3 Nd5 18.e4 Nb6 19.Kf2 Nbd7 20.Ke3 Kf8 21.Rc2 g6 22.Be1 Ke7
23.Rd1 f6 24.Bb5 Nb6 25.Rdc1 Ncd7 26.a3 bxa3 27.bxa3 Rxc2 28.Rxc2 Ba6 29.Bxa6 Rxa6
30.Bxa5 Ne5 31.Bb4+ Kd7 32.Nb5 Nec4+ 33.Kd4  1-0

[Event "Rotterdam knok"]
[Site "Rotterdam"]
[Date "1990.??.??"]
[Round "1"]
[White "Piket, Jeroen"]
[Black "Van der Vliet, Fred"]
[Result "1-0"]
[WhiteElo "2495"]
[BlackElo "2330"]

1.d4 d5 2.Nf3 Nf6 3.c4 c6 4.Nc3 e6 5.e3 Nbd7 6.Bd3 dxc4 7.Bxc4 b5 8.Bd3 Bb7
9.O-O a6 10.e4 c5 11.d5 exd5 12.exd5 Be7 13.d6 Bxd6 14.Bxb5 Be7 15.Be2 O-O
16.Bf4 Qa5 17.Qc2 Rfe8 18.Rad1 Nf8 19.Ne5 Ne6 20.Nc4 Qb4 21.a3 Qxc3 22.bxc3 Nxf4
23.Bf3 Bxf3 24.gxf3 N6d5 25.Rfe1 Bf6 26.Rxe8+ Rxe8 27.Kf1 Bxc3 28.Nd6 Rf8
29.Rxd5 Nxd5 30.Qb3  1-0

[Event "Sankt Augustin"]
[Site "Sankt Augustin"]
[Date "1990.??.??"]
[Round "3"]
[White "Vegh, Endre"]
[Black "Erdelyi, Tamas"]
[Result "1/2-1/2"]
[WhiteElo "2410"]
[BlackElo "2365"]

1.Nf3 Nf6 2.c4 c6 3.d4 d5 4.Nc3 e6 5.e3 Nbd7 6.Bd3 dxc4 7.Bxc4 b5 8.Bd3 a6
9.e4 c5 10.e5 cxd4 11.Nxb5 axb5  1/2-1/2

[Event "URS Army-chT"]
[Site "Simferopol"]
[Date "1990.??.??"]
[Round "?"]
[White "Supatashvili, Khvicha"]
[Black "Khavsky, Sergey V"]
[Result "1/2-1/2"]
[WhiteElo "2300"]
[BlackElo "2315"]

1.d4 d5 2.c4 e6 3.Nc3 c6 4.e3 Nf6 5.Nf3 Nbd7 6.Qc2 Bd6 7.Be2 O-O 8.O-O dxc4
9.Bxc4 e5 10.Bb3 Qe7 11.h3 Bc7 12.Bd2 h6 13.Nh4 exd4 14.Nf5 Qd8 15.exd4 Nb6
16.Rad1 Be6  1/2-1/2

[Event "URS Army-chT"]
[Site "Simferopol"]
[Date "1990.??.??"]
[Round "?"]
[White "Savchenko, Stanislav"]
[Black "Erikalov, A."]
[Result "1-0"]
[WhiteElo "2445"]
[BlackElo "2275"]

1.d4 d5 2.c4 c6 3.Nf3 Nf6 4.Nc3 e6 5.e3 Nbd7 6.Bd3 dxc4 7.Bxc4 b5 8.Bd3 a6
9.e4 c5 10.e5 cxd4 11.Nxb5 Nxe5 12.Nxe5 axb5 13.Bxb5+ Bd7 14.Nxd7 Qa5+ 15.Bd2 Qxb5
16.Nxf8 Kxf8 17.b3 e5 18.a4 Qd5 19.O-O h6 20.b4 g6 21.Qf3 Ne4 22.Rfc1 Rd8
23.Qd3 Kg7 24.a5 Rhe8 25.Be1 Ng5 26.a6 e4 27.Qc4 Qf5 28.a7 Qg4 29.Kh1 Nf3
30.Qe2 Qh5 31.gxf3 exf3 32.Qf1 Re4 33.Ra5 g5 34.a8=Q Rxa8 35.Rxa8 Rh4 36.Qg1 Rg4
37.Bd2 Qh4 38.Qe1 Re4 39.Qf1 Rg4  1-0

[Event "URS Army-chT"]
[Site "Simferopol"]
[Date "1990.??.??"]
[Round "?"]
[White "Savchenko, Stanislav"]
[Black "Karasev, Vladimir I"]
[Result "1-0"]
[WhiteElo "2445"]
[BlackElo "2375"]

1.d4 d5 2.c4 c6 3.Nf3 Nf6 4.Nc3 e6 5.e3 Nbd7 6.Bd3 dxc4 7.Bxc4 b5 8.Bd3 b4
9.Ne4 Nxe4 10.Bxe4 Qb6 11.O-O Ba6 12.Re1 Rc8 13.a3 b3 14.Bd3 Bxd3 15.Qxd3 c5
16.Nd2 Be7 17.Qxb3 cxd4 18.Qxb6 Nxb6 19.exd4 Bf6 20.Ne4 Rc2 21.Nxf6+ gxf6
22.b4 Nd5 23.b5 Rg8 24.h3 f5 25.a4 Kd7 26.Kf1 Rgc8 27.Ba3 R8c4 28.Bc5 Nf4
29.Ra3 Rb2 30.Bxa7 Rcc2 31.d5 Nxd5 32.Bd4 Rb4 33.Ba1 f4 34.a5 Rxb5 35.a6 Rb8
36.a7 Ra8 37.Rb1 Rc7 38.Bd4 Kc8 39.Rb8+ Rxb8 40.axb8=Q+ Kxb8 41.Be5 Kc8 42.Bxc7 Nxc7
43.Ke2 Kd7 44.Kf3 e5 45.Kg4 Ke6 46.Ra7 Nb5 47.Ra6+ Nd6 48.f3 f6 49.h4 Kd5
50.Ra7 h6 51.Kh5 Nf5 52.Ra6 Ne3 53.Rxf6 Nxg2 54.Rxh6 e4 55.fxe4+ Kxe4 56.Rf6 f3
57.Kg5 Ke3 58.h5 f2 59.h6 Ne1 60.Rxf2  1-0

[Event "URS Army-chT"]
[Site "Simferopol"]
[Date "1990.??.??"]
[Round "?"]
[White "Erikalov, A."]
[Black "Vidoniak, Roman"]
[Result "1-0"]
[WhiteElo "2275"]
[BlackElo "2280"]

1.d4 d5 2.Nf3 Nf6 3.c4 c6 4.Nc3 e6 5.e3 Nbd7 6.Qc2 Bd6 7.b3 O-O 8.Be2 b6
9.Bb2 Bb7 10.O-O c5 11.Nb5 Bb8 12.Ne5 a6 13.Na3 Qe7 14.Rad1 Bd6 15.Nb1 Rac8
16.Nd2 Rfd8 17.Qb1 Nf8 18.cxd5 exd5 19.Bd3 Ng6 20.f4 b5 21.Bf5 Rc7 22.Ndf3 Ne4
23.Qa1 Nf8 24.dxc5 Bxc5 25.Nd4 f6 26.Bxe4 dxe4 27.Nf5 Qe6 28.Rxd8 Qxf5 29.Bd4 Be7
30.g4  1-0

[Event "URS Army-chT"]
[Site "Simferopol"]
[Date "1990.??.??"]
[Round "?"]
[White "Savchenko, Stanislav"]
[Black "Vidoniak, Roman"]
[Result "1-0"]
[WhiteElo "2445"]
[BlackElo "2280"]

1.d4 d5 2.c4 c6 3.Nf3 Nf6 4.Nc3 e6 5.e3 Nbd7 6.Bd3 dxc4 7.Bxc4 b5 8.Be2 b4
9.Na4 Bb7 10.O-O Bd6 11.b3 O-O 12.Bb2 c5 13.Rc1 Qe7 14.Bb5 Rfd8 15.Qe2 a6
16.Bd3 cxd4 17.Nxd4 Nc5 18.Nxc5 Bxc5 19.Rfd1 a5 20.Bb5 Rdc8 21.Nf3 Bd6 22.Ne5 Rxc1
23.Rxc1 Rc8 24.Rxc8+ Bxc8 25.Qc4 Qc7 26.Qxc7 Bxc7 27.Kf1 Bb7 28.f3 Nd5 29.Ke2 f6
30.Nc4 Kf7 31.g3 Ne7 32.e4 Bc6 33.Ba6 Ke8 34.Bd4 Kd7 35.Bc5 Nc8 36.Bf8 g6
37.Bc5 f5 38.Ke3 g5 39.Bd4 Nd6 40.Ne5+  1-0

[Event "Wch U18"]
[Site "Singapore"]
[Date "1990.??.??"]
[Round "?"]
[White "Lim, Jeremy"]
[Black "Sopur, Lech"]
[Result "1/2-1/2"]
[WhiteElo "2365"]
[BlackElo "2290"]

1.c4 e6 2.Nc3 d5 3.d4 c6 4.Nf3 Nf6 5.e3 Ne4 6.Nxe4 dxe4 7.Nd2 f5 8.f3 Bd6
9.Qe2 O-O 10.g3 e5 11.dxe5 Bxe5 12.Bg2 exf3 13.Nxf3 Bf6 14.O-O Be6 15.Rd1 Qe7
16.Nd4 Nd7 17.Rb1 Ne5 18.b3 Rae8 19.Kh1 Bc8 20.Nc2 f4 21.Ba3 c5 22.exf4 Bg4
23.Qf2 Bxd1 24.Rxd1 Ng4 25.Qxc5 Qe2 26.Qd5+ Kh8 27.Rd2 Qe1+ 28.Nxe1 Rxe1+
29.Bf1 Rxf1+ 30.Kg2 Ne3+ 31.Kh3 Nxd5 32.Bxf8 Nb6 33.Bb4  1/2-1/2

[Event "Wch U18"]
[Site "Singapore"]
[Date "1990.??.??"]
[Round "?"]
[White "Seres, Lajos"]
[Black "Sopur, Lech"]
[Result "1/2-1/2"]
[WhiteElo "2400"]
[BlackElo "2290"]

1.Nf3 d5 2.d4 c6 3.c4 e6 4.Nc3 Nf6 5.e3 Nbd7 6.Bd3 Bd6 7.e4 dxe4 8.Nxe4 Nxe4
9.Bxe4 O-O 10.O-O Nf6 11.Bc2 b6 12.Bg5 Bb7 13.Qd3 g6 14.Rad1 Be7 15.Rfe1 Nh5
16.Qe3 Qc7 17.Bxe7 Qxe7 18.Ne5 Nf6 19.Qh6 Rfd8 20.Re3 Qf8 21.Qg5 Nd7 22.Ng4 f6
23.Qf4 h5 24.Bxg6 hxg4 25.Qxg4 Qg7 26.Qxe6+ Kf8 27.Rg3 Ne5 28.Qf5 Bc8 29.Qh5 Bg4
30.Rxg4 Nxg4 31.Qxg4 Rd6 32.h4 f5 33.Bxf5 Qxg4 34.Bxg4 Rad8 35.d5 cxd5 36.cxd5 Rxd5
37.Rxd5 Rxd5 38.Be6 Rd1+ 39.Kh2 Rd2 40.Kg3 Rxb2 41.f4 a5 42.h5 Kg7 43.Kf3 Kf6
44.Bd5 Rb5 45.Ke4 Rb4+  1/2-1/2

[Event "Wch U16"]
[Site "Singapore"]
[Date "1990.??.??"]
[Round "?"]
[White "Sakaev, Konstantin"]
[Black "Gabriel, Christian"]
[Result "1/2-1/2"]
[WhiteElo "2370"]
[BlackElo "2365"]

1.d4 d5 2.c4 e6 3.Nf3 Nf6 4.Nc3 c6 5.e3 Nbd7 6.Bd3 Bb4 7.a3 Ba5 8.O-O O-O
9.Qc2 dxc4 10.Bxc4 Bc7 11.Ba2 Qe7 12.Bd2 a6 13.Ne4 Nxe4 14.Qxe4 Bd6 15.Bc3 Re8
16.Rfd1 Rb8 17.Rac1 Nf8 18.Ne5 f6 19.Nd3 Kh8 20.f4 Ng6 21.Be1 Bd7 22.Nc5 Bc8
23.Nd3 Bd7 24.Bg3 Rbd8 25.Rf1 b6 26.Bc4 a5 27.Rcd1 Rc8 28.Ba2 Rc7 29.Qf3 c5
30.dxc5 bxc5 31.f5 Nf8 32.Nf4 Bc6 33.Qe2 Bxf4 34.Bxf4 e5 35.Bg3 Rb8 36.Be1 a4
37.Bc3 Nd7 38.Qd2 Nb6 39.Qd6 Be4 40.Qxe7 Rxe7 41.Ba5 h5 42.Rd6 Reb7 43.Rf2 Kh7
44.Be6 h4 45.Bc3 Nc8 46.Ra6 Nb6 47.Ra5 Rc7 48.Rd2 Kh6 49.Rd6 Kg5 50.Rb5 Nc8
51.Rxb8 Nxd6 52.Ba5 Rb7 53.Rxb7 Nxb7 54.Bb6 Bc6  1/2-1/2

[Event "Hungaroil"]
[Site "Siofok"]
[Date "1990.??.??"]
[Round "2"]
[White "Horvath, Csaba"]
[Black "Kallai, Gabor"]
[Result "1/2-1/2"]
[WhiteElo "2480"]
[BlackElo "2410"]

1.c4 c6 2.d4 d5 3.e3 Nf6 4.Nc3 e6 5.Nf3 Nbd7 6.Qc2 Bd6 7.Be2 O-O 8.O-O e5
9.cxd5 cxd5 10.dxe5 Nxe5 11.Rd1 Qc7 12.h3 Nxf3+ 13.Bxf3 Bh2+ 14.Kf1 Be5 15.Bd2 Be6
16.Rac1 a6 17.Be1 Rfd8 18.Ne2 Qb6 19.Bc3 Rac8 20.Qb3 Qxb3 21.axb3 Bxc3 22.Nxc3 Kf8
23.Ke1 Ke7 24.Rd4 Rc6 25.Rb4 Rd7 26.g4 h6 27.Rd1 g5 28.Ke2 Rc5 29.Rbd4 Rc6
30.Rb4 Rc5 31.Rh1 Rdc7 32.h4 a5 33.Rd4 R7c6 34.hxg5 hxg5 35.b4 axb4 36.Rxb4 b6
37.Rd1 Rc4 38.Rxc4 Rxc4 39.Nxd5+ Nxd5 40.Bxd5 Rc2+ 41.Kf3 Rxb2  1/2-1/2

[Event "Hungaroil"]
[Site "Siofok"]
[Date "1990.??.??"]
[Round "10"]
[White "Kallai, Gabor"]
[Black "Csom, Istvan"]
[Result "1/2-1/2"]
[WhiteElo "2410"]
[BlackElo "2485"]

1.d4 d5 2.c4 c6 3.Nc3 Nf6 4.e3 e6 5.Nf3 Bb4 6.Bd2 O-O 7.Bd3 dxc4 8.Bxc4 c5
9.dxc5 Bxc5 10.O-O Nc6 11.Qe2 e5 12.h3  1/2-1/2

[Event "Hungaroil"]
[Site "Siofok"]
[Date "1990.??.??"]
[Round "11"]
[White "Horvath, Csaba"]
[Black "O'Donnell, Tom"]
[Result "0-1"]
[WhiteElo "2480"]
[BlackElo "2415"]

1.d4 d5 2.Nf3 c6 3.c4 Nf6 4.Nc3 e6 5.e3 Nbd7 6.Qc2 Bd6 7.Be2 O-O 8.O-O dxc4
9.Bxc4 b5 10.Be2 Bb7 11.Rd1 Qc7 12.e4 e5 13.dxe5 Nxe5 14.Nd4 Bc5 15.h3 Rfe8
16.Be3 a6 17.Rac1 Bb6 18.b4 Rac8 19.Bg5 Bxd4 20.Rxd4 c5 21.bxc5 Qxc5 22.Qd1 Nf3+
23.Bxf3 Qxg5 24.Rc2 Qe5 25.a3 Qc5 26.Rb4 Bxe4 27.Rc1 Rcd8 28.Qe2 Ba8 29.Qf1 Bxf3
30.gxf3 Qg5+ 31.Kh1 Rc8 32.Rbb1 Qf5 33.Kg2 Rc4 34.Ne2 Rh4 35.Ng1 Nh5 36.Re1 Rf8
37.Rb4 Rxb4 38.axb4 Nf4+ 39.Kh2 Qf6 40.Re4 h6 41.Ne2 Nd3 42.Rd4 Nxb4  0-1

[Event "Sochi"]
[Site "Sochi"]
[Date "1990.??.??"]
[Round "?"]
[White "Douven, Rudy C"]
[Black "Shabanov, Yuri"]
[Result "1/2-1/2"]
[WhiteElo "2410"]
[BlackElo "2375"]

1.d4 d5 2.c4 c6 3.Nc3 Nf6 4.e3 e6 5.Nf3 Nbd7 6.Qc2 Bd6 7.Be2 O-O 8.O-O Re8
9.Rd1 Qe7 10.Bd2 h6 11.g3 dxc4 12.Bxc4 e5 13.Nh4 Nb6 14.Bf1 e4 15.a3 Bg4
16.Rdc1 g5 17.Ng2 Nbd5 18.b4 a6 19.Rab1 h5 20.h4 Nh7 21.Qb3 Rad8 22.Nxd5 cxd5
23.b5 gxh4 24.Nxh4 Ng5 25.Bg2 Bxa3 26.Rc2 Bd6 27.Ba5 Rd7 28.bxa6 bxa6 29.Rbc1 Nf3+
30.Bxf3 exf3 31.Rc6 Qe4 32.Bc7 Be7 33.Bf4 a5 34.Qb5 Ba3 35.R1c2 Bb4 36.Be5 Rde7
37.Rc1 Bd7 38.Rh6 Qxe5 39.Qxb4 Qxg3+ 40.fxg3 axb4 41.Rxh5 Rxe3 42.Rxd5 Ba4
43.Ra5 Ra3 44.Nxf3 Ree3 45.Ne5 Rxg3+ 46.Kf2 Rh3 47.Kg2 Rhb3 48.Rf1 Be8 49.Rc5 Kf8
50.Rc8 Ke7 51.Rb8 Rg3+ 52.Kf2 f6 53.Re1 fxe5 54.Rxe5+ Kd6 55.Rbxe8 Rgb3 56.R8e6+ Kd7
57.Re7+ Kd6 58.R7e6+ Kd7  1/2-1/2

[Event "BUL-FRA m"]
[Site "Sofia"]
[Date "1990.??.??"]
[Round "3"]
[White "Chabanon, Jean Luc"]
[Black "Semkov, Semko"]
[Result "1/2-1/2"]
[WhiteElo "2390"]
[BlackElo "2450"]

1.d4 d5 2.c4 e6 3.Nf3 c6 4.e3 Nf6 5.Nc3 Nbd7 6.Bd3 Be7 7.O-O O-O 8.a3 b6
9.b4 dxc4 10.Bxc4 c5 11.bxc5 bxc5 12.Qe2 Bb7 13.Rd1 cxd4 14.Rxd4 Bc5 15.Rd1 Qe7
16.Ba6 Bxa6 17.Qxa6  1/2-1/2